Aj notári sú len ľudia s nervami
| Hlavný autor: | |
|---|---|
| Médium: | Článok |
| Jazyk: | Slovak |
| Témy: | |
| Zdroj: |
1. Roľnícke noviny 1. Roč. 48, č. 108(12.5.1993), s. 4 |
| LEADER | 00676nab#a2200265#ar4500 | ||
|---|---|---|---|
| 001 | 000082421 | ||
| 003 | SVKKK | ||
| 005 | 20070125134212.0 | ||
| 008 | 070125c xo e slo | ||
| FMT | |||
| 038 | |a SVKKK | ||
| 040 | |a SVKKK |b slo |e AACR2 | ||
| 041 | 0 | |a slo | |
| 044 | |a xo |c SK | ||
| 080 | |a 343.463 |2 1997 | ||
| 100 | 1 | |a Haburová, Magda |4 aut | |
| 245 | 1 | 0 | |a Aj notári sú len ľudia s nervami |c Magda Haburová |
| 610 | 2 | 4 | |a Okresný súd (Trebišov, Slovensko) |x dedičské agendy |x problematika |
| 773 | 0 | |t Roľnícke noviny |g Roč. 48, č. 108(12.5.1993), s. 4 | |
| 957 | |a 811 | ||
| 974 | |a MI | ||
| 992 | |a RBX | ||
| BAS | |||
| 852 | |a SVKKK |b BIB | ||
| 998 | |a REG | ||